Meditación sobre la ciudad / [por] Luis Alberto Martin Baro

Gespeichert in:
Bibliographische Detailangaben
1. Verfasser: Martin Baro, Luis Alberto (autor)
Format: Buch
Schlagworte:
Tags: Tag hinzufügen
Keine Tags, Fügen Sie das erste Tag hinzu!

MARC

LEADER 00000nam^a2200000^u^4500
001 000540858
005 20250521000000.0
008 060220s1000^^^^^^^^^^^^r^^^^^000^0^spa^d
009 20260310131212.801
035 |a FMI 000008977 
037 |a Acervo Xavier Clavigero 
096 |a 4.2/108/A 
100 |a Martin Baro, Luis Alberto  |e (autor) 
245 1 0 |a Meditación sobre la ciudad / [por] Luis Alberto Martin Baro 
264 |a Bilbao : Mensajero, 1966 
300 |a 239 p. 
336 |a texto  |b txt  |2 rdacontenido 
337 |a sin mediación  |b n  |2 rdamedio 
338 |a volumen  |b nc  |2 rdasoporte 
649 |a XX 
650 |a ESPIRITUALIDAD MODERNA 
910 |a Fondo Francisco Migoya Covarrubias S.J. 
920 |a Impresos - Libros 
930 |a Fondos Especiales 
905 |a 134 
901 |a SBC20819  |b IT2  |c ESP  |u 20250521 
902 |a https://opac.biblio.iteso.mx/vufind/Record/000540858